PCM tutor for II puc annual examination (Record no. 127617)
[ view plain ]
| 000 -LEADER | |
|---|---|
| fixed length control field | 00663nam a2200265Ia 4500 |
| 003 - CONTROL NUMBER IDENTIFIER | |
| control field | OSt |
| 005 - DATE AND TIME OF LATEST TRANSACTION | |
| control field | 20231120105139.0 |
| 008 - FIXED-LENGTH DATA ELEMENTS--GENERAL INFORMATION | |
| fixed length control field | 210210b1999 xxu||||| |||| 00| 0 eng d |
| 040 ## - CATALOGING SOURCE | |
| Transcribing agency | AL |
| 041 ## - LANGUAGE CODE | |
| Language code of text/sound track or separate title | eng |
| 082 ## - DEWEY DECIMAL CLASSIFICATION NUMBER | |
| Classification number | 530.076 RAOP |
| 100 ## - MAIN ENTRY--PERSONAL NAME | |
| Personal name | RAO (I V)and others |
| 9 (RLIN) | 142268 |
| 245 ## - TITLE STATEMENT | |
| Title | PCM tutor for II puc annual examination |
| 260 ## - PUBLICATION, DISTRIBUTION, ETC. | |
| Place of publication, distribution, etc. | Mangalore |
| Name of publisher, distributor, etc. | Boscoss Publications |
| Date of publication, distribution, etc. | 1999 |
| 650 ## - SUBJECT ADDED ENTRY--TOPICAL TERM | |
| Topical term or geographic name entry element | tutor |
| 9 (RLIN) | 142269 |
| 650 ## - SUBJECT ADDED ENTRY--TOPICAL TERM | |
| Topical term or geographic name entry element | puc |
| 9 (RLIN) | 142270 |
| 650 ## - SUBJECT ADDED ENTRY--TOPICAL TERM | |
| Topical term or geographic name entry element | PCM |
| 9 (RLIN) | 142271 |
| 650 ## - SUBJECT ADDED ENTRY--TOPICAL TERM | |
| Topical term or geographic name entry element | II |
| 9 (RLIN) | 142272 |
| 650 ## - SUBJECT ADDED ENTRY--TOPICAL TERM | |
| Topical term or geographic name entry element | for |
| 9 (RLIN) | 142273 |
| 650 ## - SUBJECT ADDED ENTRY--TOPICAL TERM | |
| Topical term or geographic name entry element | examination |
| 9 (RLIN) | 142274 |
| 650 ## - SUBJECT ADDED ENTRY--TOPICAL TERM | |
| Topical term or geographic name entry element | annual |
| 9 (RLIN) | 142275 |
| 690 ## - LOCAL SUBJECT ADDED ENTRY--TOPICAL TERM (OCLC, RLIN) | |
| Topical term or geographic name as entry element | Physics |
| 9 (RLIN) | 142276 |
| 906 ## - LOCAL DATA ELEMENT F, LDF (RLIN) | |
| a | 054731 |
| 942 ## - ADDED ENTRY ELEMENTS (KOHA) | |
| Source of classification or shelving scheme | Dewey Decimal Classification |
| Koha item type | Book |
| Withdrawn status | Lost status | Damaged status | Not for loan | Collection code | Home library | Current library | Shelving location | Date acquired | Cost, normal purchase price | Total Checkouts | Full call number | Barcode | Date last seen | Price effective from | Koha item type | Source of acquisition |
|---|---|---|---|---|---|---|---|---|---|---|---|---|---|---|---|---|
| Discarded | St Aloysius Library | St Aloysius Library | 02/17/2021 | 305.00 | 530.076 RAOP | 056377 | 02/17/2021 | 02/17/2021 | Book | |||||||
| Discarded | Reference Book | St Aloysius Library | St Aloysius Library | 02/17/2021 | 305.00 | 530.076 RAOP | 056375 | 02/17/2021 | 02/17/2021 | Book | ||||||
| Discarded | St Aloysius Library | St Aloysius Library | 02/17/2021 | 305.00 | 530.076 RAOP | 056373 | 02/17/2021 | 02/17/2021 | Book | |||||||
| Discarded | St Aloysius Library | St Aloysius Library | 02/17/2021 | 305.00 | 530.076 RAOP | 056374 | 02/17/2021 | 02/17/2021 | Book | |||||||
| Discarded | St Aloysius Library | St Aloysius Library | 02/17/2021 | 305.00 | 530.076 RAOP | 056376 | 02/17/2021 | 02/17/2021 | Book | |||||||
| Discarded | St Aloysius Library | St Aloysius Library | 02/17/2021 | 268.00 | 530.076 RAOP | 054730 | 02/17/2021 | 02/17/2021 | Book | St. Aloysius College Cooperative Store | ||||||
| Discarded | St Aloysius Library | St Aloysius Library | 02/17/2021 | 268.00 | 530.076 RAOP | 054731 | 02/17/2021 | 02/17/2021 | Book | St. Aloysius College Cooperative Store |